00317nam a2200121Ia 4500008004100000100005300041245002400094260003100118300000900149650001500158942000700173999001500180190216s9999||||xx |||||||||||||| ||und|| a"Keith Yorston R, Bryan Smyth E Brown Sr" 0aAdvanced Accounting bNm Thripathi Pvt Ltdc1968 a561p aAccounting cBK c3960d3960